000 00298nam a22001337a 4500
008 210518b ||||| |||| 00| 0 eng d
041 _aeng
080 _25th
_a336
082 _a336
100 _a56
101 _aFIN
245 _aPrinciples of Corporate Finance
_cBrealey,R.A
942 _2udc
_cBK
999 _c57396
_d57396